Dejiny Rímskej ríše

Saved in:
Bibliographic Details
Format: Book
Language:Slovak
Published: Bratislava : GEMINI, 1994
Edition:2.vyd., prel.z franc.orig.
Tags: Add Tag
No Tags, Be the first to tag this record!

MARC

LEADER 00000nam a22000003a 4500
001 stu27858
005 20150408162413.7
008 950201s1994----xo------------------slo-d
020 |a 80-7161-077-1 
040 |a STU  |b slo 
041 0 |a slo 
044 |a xo 
080 |a 937 
245 |a Dejiny Rímskej ríše 
250 |a 2.vyd., prel.z franc.orig. 
260 |a Bratislava :  |b GEMINI,  |c 1994 
300 |a s.289-384 s 
996 |b 284V028843  |c V*43129/O-18590  |l VVT  |s A  |a 24  |w stu27858_0001